MDQL
is popping MORE tags! Check the
thread
!
Quizzes
Events
Quiz Creation
Community
Videos
Private Events
Remove Ads
Sign In
Join for FREE
Feedback
Dark Mode
Quiz Categories
Sports
Geography
Music
Movies
Television
Just For Fun
Miscellaneous
History
Literature
Language
Science
Gaming
Entertainment
Religion
Holiday
For Kids
Quiz Lab
Recent
Popular Today
Quiz Kudos Today
Editor Picks
Curator Picks
Quizzes by...
Day
Popularity
Type
Ratings
Length
Year
Community
Subscriptions
Recent Discussions
Orange Saloon
Badges
Playlists
Quests
Create
Leaderboards
Showdown
Live 5
Trivia Bingo
Activity
Puzzle Library
Sporcle Events
Private Events
Virtual Trivia
Globe League
Become a Host
Pub Owners
SporcleCon
Opinionation
Our Games
Videos
Blog
Mobile Apps
Partnerships
Remove Ads and Go Orange
Feedback
Music
Pop Music
The Beatles
Song
Album
Lyrics
Bands
Singers
Artist
Clip
Rock
Rap
Classical
Billboard
Country Music
Kpop
Taylor Swift
Music
Pop Music
The Beatles
Song
Album
Lyrics
Bands
Singers
Artist
Clip
Rock
Rap
Classical
Billboard
Country Music
Kpop
Taylor Swift
Random Quiz
Search Sporcle
×
Quiz Lab
Quiz Lab
Music
Girls Generation
Type in answers that appear in a list
Type in answers that appear in a list
Classic
Best Score? Go Orange.
Girls' Generation songs? (Taeyeon's parts (audio)) Stats
Can you name the Girls' Generation songs (Taeyeon's parts (audio))?
By
SporcleEXP
9m
35 Questions
899 Plays
899 Plays
899 Plays
Comments
Comments
Give Quiz Kudos
Give Quiz Kudos
-
- Ratings
hide this ad
Replay
Link that replays current quiz
Next Quiz
Link to next quiz in quiz playlist
You Got
0%
They Got
Avg Score
61%
Avg Friend Score
Upgrade to see
Score Distribution
Jump to the score distribution portion of the page
Score
0/35
Timer
09:00
0
Plays Today
Hint
Answer
% Correct
0:33-
0:39
Oh!
93.9%
3:09-
3:15
Gee
88.5%
0:18-
0:25
Girls' Generation
87.5%
2:59-
3:08
Into the New World
84%
4:10-
4:16
Run Devil Run
82.3%
3:58-
4:09
The Boys
81.4%
4:26-
4:32
I Got a Boy
81.1%
4:33-
4:41
Mr. Taxi
77.1%
2:13-
2:20
Baby baby
75.5%
1:11-
1:17
Beep Beep
74.4%
4:42-
4:29
Kissing You
73.5%
3:44-
3:49
Paparazzi
72%
3:29-
3:37
Echo
67.3%
2:39-
2:44
All my Love is For You
66.5%
2:02-
2:12
Star Star Star
64.3%
0:58-
1:10
Diamond
63.5%
4:30-
4:56
Dear Mom
62.2%
2:21-
2:29
Honey
60.3%
Hint
Answer
% Correct
1:25-
1:39
Mistake
59.7%
0:09-
0:17
How Great is Your Love
59.6%
1:40-
1:54
Lost in Love
57.4%
0:00-
0:08
Lazy Girl
57.3%
0:26-
0:32
Romantic St.
55.3%
1:55-
2:01
Not alone
54.2%
4:17-
4:25
Visual Dreams
52.8%
4:57-
5:04
Etude
50.6%
0:40-
0:48
My Child
50.2%
3:38-
3:43
Let it Rain
49.4%
2:45-
2:58
Devil's Cry
48.2%
1:18-
1:24
Beautiful Stranger
43.6%
5:05-
5:23
I Love You
38.3%
2:30-
2:38
Cold noodles
35.7%
0:49-
0:57
Wake Up
35.2%
3:50-
3:57
Telepathy
30.5%
3:16-
3:28
Good-Bye Hello
29.8%
Quiz Playlist
Details
Report
Send in Message
Add To Playlist
Classic:
Type in answers that appear in a list
Quiz Source
Last Updated: Feb 16, 2017
Quiz Scoreboard
CHALLENGE
Sign Up to Join the Scoreboard
Show All
Scores
Hide
Comments
May contain spoilers
Recently Published
Street Fighter Characters
by Artimus82
Gaming
60s
9x9 Crossword: Cartoon Network
by jackfrog10
Miscellaneous
3m
College Basketball Coaching Resumes
by pancakes188
Sports
9m
More to Explore
Quiz From the Vault
Featured Blog Post
Where Did the Easter Bunny Come From?
hide this ad
You Might Also Like...
Tags
Girls Generation
snsd
Today's Top Quizzes in Music
Browse Music
hide this ad
Today's Top Quizzes in Girls Generation
Browse Girls Generation
Top Contributed Quizzes in Music
1
Taylor Swift All Songs (2024)
2
Taylor Swift Logic Puzzle
3
Guess the Artist- 70s Songs
4
7-to-1: Billboard Hot 100 #1 Hits of 2010s
5
Sorting Albums and Songs
6
KPOP LOGIC QUIZ
7
Guess the Taylor Swift song (Mystery Song)
8
Guess The Taylor Swift Lyrics Song #1
9
Billboard Blitz: ABBA
10
Billboard Blitz: The Beatles
Explore More
Trending Topics
Harry Potter
Kpop
Disney
Crossword
Anime
Marvel
NBA
Pokémon
NFL
Country
The Office
Soccer
Puzzle
Song
WWE
hide this ad
More By:
SporcleEXP
Quiz
Plays
Rating
Category
Featured
Created
Harry Potter Deaths in Order Minefield
3,068,578
4.18
Literature
Jan 27, 2016
Sins, Dwarfs, and Spice Girls
847,290
4.42
Just For Fun
Apr 11, 2012
Ancient History Bunker
708,226
4.28
History
Jan 20, 2014
Movie Posters VI
679,058
4.37
Movies
Nov 12, 2010
Movie Posters VII
621,883
4.44
Movies
Apr 16, 2011
Go to Creator's Profile
Score Distribution
Quiz Creator Spotlight
SporcleEXP
Follow
Send a Message
Quizzes Created
-
Created Quiz Play Count
-
More By This Creator
Popular Quizzes Today
1
Find the US States - No Outlines Minefield
2
Find the Countries of Europe - No Outlines Minefield
3
The Countries of the World
4
Find the US States
5
Risky Map Clicking: Biggest States A-Z
6
US States
7
Popular People in 1961
8
Movies - When Are They Set?
More Music Quizzes
Artists on Billboard Year-End Hot 25 singles of 2015
Quiz Lab
Trending Quizzes
Risky Map Clicking: Least Populous States A-Z
Countries of the World: 200 Million BC
Billboard Blitz: Aretha Franklin
1-10 Letter G Words
Famous Russians: Author or Composer?
Recently Updated
Leaping Animals
pecheneg
Reality TV Shows (A-Z)
bhenderson79
Rickey Henderson's Hall of Fame Teammates
pecheneg
Champions League XIs: Arsenal
pecheneg
Quick Pick: Celebrities in WWE's Hall of Fame
aduchscher
A-Z Keypad Blitz II
pecheneg
Multiple Oscar Actors
pecheneg
Mystery Phrase Blitz: Oscar 'Best Actors'
pecheneg
F. Scott Fitzgerald Novels
LTH
Pick 3 Villains
ddd62291
Trending Topics
Disney
Anime
Kpop
Crossword
Harry Potter
Marvel
NBA
Country
Pokémon
NFL
The Office
Soccer
WWE
Puzzle
Song
Your Account Isn't Verified!
In order to create a playlist on Sporcle, you need to verify the email address you used during registration. Go to your
Sporcle Settings
to finish the process.
Report this User
Report this user for behavior that violates our
Community Guidelines
.
Details:
Send Report
Go to the Sporcle.com Mobile Site →
Comments